000 00861nam a2200229 i 4500
001 10450
003 ES-MaACL
005 20251223063015.0
007 t|
008 190701s1964 sp ||||1| spa d
100 1 _aWalker, John,
_d1906-
_9115931
245 1 0 _aTesoros de la National Gallery Washington /
_cJohn Walker ; traducción de Juan Massot Gimeno... ; revisión y dirección, Teodoro Miciano.
260 _aMadrid :
_bDaimon,
_c1964.
300 _a336 p., 16, 7 lám. ;
_c21 cm.
490 1 _aColección "Tesoros de los Grandes Museos" ;
_v11
610 2 4 _aNational Gallery of Art (Estados Unidos)
_95971
700 1 _aMassot Gimeno, Juan.
_978859
700 1 _aMiciano, Teodoro,
_d1903-1974
_980944
830 0 0 _aColección "Tesoros de los grandes museos"
_v11
_9178969
852 _aES-MaACL
_jP-583-Bis-11
999 _c10450
_d10450